Normal view
MARC view
Entry Término temático
001 - NÚMERO DE CONTROL
- campo de control: 82441
003 - IDENTIFICADOR DEL NÚMERO DE CONTROL
- campo de control: DO-SdBNP
005 - FECHA Y HORA DE LA ÚLTIMA TRANSACCIÓN
- campo de control: 20220927101626.0
008 - DATOS DE LONGITUD FIJA
- campo de control de longitud fija: 220927|| aca||aabn | a|a d
040 ## - FUENTE DE LA CATALOGACIÓN
- Centro catalogador/agencia de origen: DO-SdBNP
- Centro/agencia transcriptor: DO-SdBNP
150 ## - ENCABEZAMIENTO--TÉRMINO DE MATERIA
- Término de materia o nombre geográfico como elemento de entrada: Participación política
- Subdivisión geográfica: Caribe (Región)
670 ## - FUENTE DE DATOS ENCONTRADOS
- Cita de la fuente: Work cat.: (DO-SdBNP)25782: Navarro, Luisa 11168, El régimen de partidos en México, Centroamérica y Caribe /, 1995
